000
00322 a2200157 4500
001
164761
020
_a
040
_c
Magnum
100
_a
Rios, Rosana
240
1
0
_a
A vassoura da bruxa
_l
por
245
1
0
_a
A vassoura da bruxa
362
0
_a
1899
440
1
_a
Moderna
697
_a
IJ/BRUXA, MISTERIO
942
_c
BK
999
_c
164761
_d
164761